000 00555nam a2200181Ia 4500
003 OSt
005 20201203124026.0
008 190216s9999||||xx |||||||||||||| ||und||
020 _a9798130001721
040 _coclc
082 _a894.8124
_bKUN/B
100 _aKunhikrishnakuruppu, C H
_97163
245 0 _aBhoomiyum Prakrithi Prathibhasangalum /
_cC H Kunhikrishnakuruppu
260 _bPoorna Publications,
_aKozhikode:
_c2004.
300 _a140p
650 _aMalayalam
942 _cBK
_2ddc
_h894.8124
_iKUN/B
_k894.8124
_mKUN/B
999 _c28451
_d28451